Estadísticas para Países sin ser conquistados desde el 1850

Haz click aquí para intentar la prueba.

Estadísticas generales

  • Esta prueba ha sido intentada 2.724 veces
  • La puntuación promedio es 16 de 25

Estadísticas de respuestas

DesdePaís% Correcto
1781Estados Unidos
94%
1814España
92%
1066Reino Unido
89%
1816Argentina
87%
1822Brasil
84%
1818Chile
82%
1819Colombia
82%
1480Rusia
81%
1830Venezuela
79%
1839Perú
78%
1808Portugal
77%
1828Uruguay
76%
1825Bolivia
74%
1830Ecuador
74%
1523Suecia
68%
1815Suiza
66%
1243Turquía
57%
1838Costa Rica
50%
1838Guatemala
50%
1243San Marino
36%
1815Liechtenstein
31%
1847Liberia
23%
1768Nepal
23%
1634Bután
20%
1743Omán
15%

Distribución de puntuación

Porcentaje por número respondido

Porcentaje de gente con cada puntuación

Historial de tus puntuaciones

No has intentado esta prueba.